000 00650nam a2200229Ia 4500
003 OSt
005 20221006165743.0
006 a|||||r|||| 00| 0
007 ta
008 221006b |||||||| |||| 00| 0 eng d
024 _a6,979
037 _cTextual
040 _aFML
_cFML
_beng
041 _2eng
_aeng
082 _adelta 25y7I49, K0
100 _aBarua Biranchi Kumar Au.
_9680414
245 0 _aShankaradeva
_b Vaishnava Saint Of Assam
260 _aAssam
_bAcademy for CR India
_c1960
300 _a138
_ccm.
942 _hdelta 25y7I49, K0
_cTEXL
_2CC
999 _c1121924
_d1121924